| 000 | 00628 a2200229 4500 | ||
|---|---|---|---|
| 999 |
_c7644 _d7644 |
||
| 003 | OSt | ||
| 005 | 20220121133505.0 | ||
| 008 | 220121b ||||| |||| 00| 0 eng d | ||
| 020 | _a0521482887 | ||
| 028 | _aCambridge University | ||
| 040 |
_bDDC _cMUST _dMUST |
||
| 050 |
_a537.6223 _bDEL 1996 |
||
| 082 | _a537.6223 DEL 1996 | ||
| 100 |
_aEdited by: Schubert E.F _915630 |
||
| 245 | _aDelta-doping of semiconductors. | ||
| 250 | _a1st ed. | ||
| 260 |
_aNew york. _bPress syndicate. _c1996 |
||
| 300 |
_ax, 604p: _bill, _c26cm, |
||
| 504 | _aIncludes: References and Index. | ||
| 650 |
_aPhysics _9809 |
||
| 942 |
_2ddc _cBOOK |
||